Central Library OPAC University of Rajshahi

Sons of Italy : (Record no. 34759)

MARC details
000 -LEADER
fixed length control field 00951nam a2200265 a 4500
001 - CONTROL NUMBER
control field 34759
003 - CONTROL NUMBER IDENTIFIER
rucl marc code BD-RjUL
005 - DATE AND TIME OF LATEST TRANSACTION
control field 20211209052216.0
008 - FIXED-LENGTH DATA ELEMENTS--GENERAL INFORMATION
fixed length control field 140519r1972197 nyua 001 0 eng d
035 ## - SYSTEM CONTROL NUMBER
System control number (BD-RjUL)
040 ## - CATALOGING SOURCE
Original cataloging agency ANL
Language of cataloging eng
Transcribing agency ANL
Modifying agency BD-RjUL
041 ## - LANGUAGE CODE
Language code of text/sound track or separate title eng
082 04 - DEWEY DECIMAL CLASSIFICATION NUMBER
Classification number 301.45151073
Author mark and year MAS 1972
100 1# - MAIN ENTRY--PERSONAL NAME
Personal name Mangano, Antonio,
Dates associated with a name 1869-
9 (RLIN) 105776
245 10 - TITLE STATEMENT
Title Sons of Italy :
Remainder of title a social and religious study of the Italians in America /
Statement of responsibility, etc. by Antonio Mangano
260 ## - PUBLICATION, DISTRIBUTION, ETC. (IMPRINT)
Place of publication, distribution, etc. New York :
Name of publisher, distributor, etc. Russell & Russell,
Date of publication, distribution, etc. 1972.
300 ## - PHYSICAL DESCRIPTION
Pagination xii, 234 p. :
Illustrations illus. ;
Size 23 cm.
500 ## - GENERAL NOTE
General note "Edited under the direction of Missionary Education Movement of the United States and Canada.".
General note "A facsimile reprint.".
504 ## - BIBLIOGRAPHY, ETC. NOTE
Bibliography, etc Bibliography: p. 223-228.
650 #0 - SUBJECT ADDED ENTRY--TOPICAL TERM
Topical term or geographic name as entry element Italians in the United States.
9 (RLIN) 105777
710 1# - ADDED ENTRY--CORPORATE NAME
Corporate name or jurisdiction name as entry element Missionary Education Movement of the United States and Canada.
9 (RLIN) 105778
942 ## - ADDED ENTRY ELEMENTS (KOHA)
Source of classification or shelving scheme Dewey Decimal Classification
Koha item type Books
Holdings
Lost status Source of classification or shelving scheme Damaged status Not for loan Collection code Permanent Location Current Location Shelving location Date acquired Total Checkouts Full call number Date last seen Copy number Koha item type
  Dewey Decimal Classification   Not For Loan Non-fiction Central Library, University of Rajshahi Central Library, University of Rajshahi Reading Room 10/07/1994   301.45151073 MAS 1972 19/05/2014 C-1 Books